header

Technical presentation skills (Record no. 68245)

MARC details
000 -LEADER
fixed length control field 01223nam a2200325 a 4500
100 1# - MAIN ENTRY--AUTHOR NAME
Personal name Mandel, Steve.
245 10 - TITLE STATEMENT
Title Technical presentation skills
250 ## - EDITION STATEMENT
Edition statement Rev. ed.
260 ## - PUBLICATION, DISTRIBUTION, ETC. (IMPRINT)
Place of publication Menlo Park, Calif. :
Name of publisher Crisp Publications,
Year of publication c1994.
300 ## - PHYSICAL DESCRIPTION
Number of Pages viii, 94 p. :
Other physical details ill.
490 1# - SERIES STATEMENT
Series statement Fifty-Minute series
500 ## - GENERAL NOTE
General note "A practical guide for better speaking"--Cover.
650 #0 - SUBJECT ADDED ENTRY--TOPICAL TERM
Topical Term Communication of technical information.
Topical Term Lectures and lecturing.
856 40 - ELECTRONIC LOCATION AND ACCESS
Uniform Resource Identifier http://site.ebrary.com/lib/rucke/Doc?id=10058889

No items available.

© 2026 Rongo University
Contact us: librarian | system librarian | Rongo university